000
00343nam a22001697a 4500
003
UA-OsUOA
001
2864
007
ta
008
20050721b un ||||| |||| 00| 0 ukr d
100
_a
Armstrong
700
_a
Campbell
942
_c
BK
040
_a
UA-OsUOA
_c
UA-OsUOA
_d
UA-OsUOA
245
_a
Jig.
_b
Fiction
955
_a
2
650
7
_2
UDC
999
_c
289026
_d
289026